| 000 | 01504nam a2200481 i 4500 | ||
|---|---|---|---|
| 001 | 42380 | ||
| 003 | KOSZ 005 | ||
| 005 | 20220331142744.0 | ||
| 008 | 030213s2002 pl a |000 0 pol | ||
| 015 | _aUWD 2003/3299 | ||
| 020 | _a8301138998 | ||
| 035 | _a991020224589705066 | ||
| 035 | _a(PL-WaBN)b15484051-48omnis_nlop | ||
| 035 | _ab15484051 | ||
| 035 | _a(OCoLC)68676582 | ||
| 035 | _azz2002981746 | ||
| 035 | _a(PL)b0000001548405 | ||
| 035 | _a(EXLNZ-48OMNIS_NETWORK)9910244565805606 | ||
| 040 |
_aWA N _cWA N _dKOSZ 005/HR |
||
| 041 | 0 | _apol | |
| 046 | _k2002 | ||
| 080 | _a519.2 | ||
| 080 | _a53 | ||
| 080 | _a(075.8)(076) | ||
| 100 | 1 |
_aNowak, Roman J. _eAutor |
|
| 245 | 1 | 0 |
_aStatystyka dla fizyków : _bćwiczenia / _cRoman Nowak. |
| 260 |
_aWarszawa : _bWydawnictwo Naukowe PWN, _c2002. |
||
| 300 |
_a127, [1] s. : _bil. ; _c24 cm. |
||
| 336 |
_aTekst _btxt _2rdacontent |
||
| 337 |
_aBez urządzenia pośredniczącego _bn _2rdamedia |
||
| 338 |
_aWolumin _bnc _2rdacarrier |
||
| 380 | _aKsiążki | ||
| 388 | _a2001- | ||
| 650 | 7 |
_aStatystyka matematyczna _2DBN |
|
| 650 | 7 | _aZastosowanie i wykorzystanie | |
| 650 | 7 | _aFizyka | |
| 655 | 7 |
_aĆwiczenia i zadania dla szkół wyższych _2DBN |
|
| 658 | _aMatematyka | ||
| 710 | 2 |
_aWydawnictwo Naukowe PWN _4pbl |
|
| 856 |
_uhttp://koha.tu.koszalin.pl/cgi-bin/koha/opac-detail.pl?biblionumber=42380 _yKatalog online BPK |
||
| 942 |
_2UKD _cKS |
||
| 999 |
_c42380 _d42380 |
||